Every city in Formosa, Argentina - Statistics

General Stats
  • This quiz has been taken 87 times
  • The average score is 7 of 62
Answer Stats
Population City % Correct
222,226 Formosa
89%
52,837 Clorinda
67%
12,798 Ingeniero Guillermo N. Juárez
33%
7,411 Laguna Blanca
33%
12,399 Las Lomitas
33%
20,335 Pirané
33%
4,628 San Francisco de Laishi
33%
14,228 El Colorado
22%
1,351 Fortín Cabo Lugones
22%
1,902 General Mosconi
22%
266 Herradura
22%
9,429 Ibarreta
22%
3,617 Laguna Yema
22%
4,517 Pozo del Tigre
22%
669 Puerto Pilcomayo
22%
4,675 Villa Kilómetro 213
22%
406 El Espinillo
11%
3,371 El Potrillo
11%
4,523 Estanislao del Campo
11%
133 Fortín Sargento Leyes
11%
916 Gran Guardia
11%
413 Juan G. Bazán
11%
2,479 Laguna Naick-Neck
11%
1,225 Los Chiriguanos
11%
2,244 Misión Tacaaglé
11%
1,131 Mojón de Fierro
11%
6,379 Palo Santo
11%
603 Posta Cambio Zalazar
11%
528 Pozo del Mortero
11%
4,304 Riacho He-He
11%
583 San Hilario
11%
66 San Martín I
11%
3,119 San Martín II
11%
1,056 Tatané
11%
129 Villa Escolar
11%
3,907 Villa General Güemes
11%
374 Banco Payaguá
0%
1,134 Bartolomé de las Casas
0%
887 Buena Vista
0%
4,494 Colonia Campo Villafañe
0%
933 Colonia Pastoril
0%
173 Colonia Sarmiento
0%
6,615 Comandante Fontana
0%
415 El Quebracho
0%
346 El Recreo
0%
370 Fortín Soledad
0%
2,802 General Lucio Victorio Mansilla
0%
146 Guadalcazar
0%
261 Laguna Gallo
0%
63 Lamadrid
0%
745 La Rinconada
0%
373 Mariano Boedo
0%
212 Palma Sola
0%
417 Portón Negro
0%
736 Pozo de Maza
0%
720 Riacho Negro
0%
863 Siete Palmas
0%
1,163 Subteniente Perín
0%
1,598 Tres Lagunas
0%
224 Vaca Perdida
0%
3,97 Villa del Carmen
0%
4,676 Villa General Manuel Belgrano
0%
No matching quizzes found
Score Distribution
Percent of People with Each Score
Percentile by Number Answered
Your Score History
You have not taken this quiz